000 00866nam a2200241Ia 4500
003 OSt
005 20221005112823.0
006 a|||||r|||| 00| 0
007 ta
008 221004b |||||||| |||| 00| 0 pan d
020 _a9788182991071 (hbk)
_c525
024 _a104408
037 _b7830/VIII/A, 31/01/2011, Arsee Publishers
_cTextual
040 _aCRL
_cCRL
_bpan
041 _2pan
_apan
082 _aQ8441xJ96, 153Q0
100 _aਜੱਗੀ, ਗੁਰਰਨ ਕੌਰ
245 0 _aਗੁਰਬਾਣੀ ਦੀ ਕੁੰਜੀ ਵਾਰਾਂ ਭਾਈ ਗੁਰਦਾਸ
260 _aਦਿੱਲੀ
_bਆਰਸੀ ਭਾਰਤ
_c2010
300 _a585ਪੰ
_ccm.
942 _hQ8441xJ96, 153Q0
_cTEXL
_2cc
999 _c1026090
_d1026090